| 000 | 00671nam a2200193 a 4500 | ||
|---|---|---|---|
| 001 | 000024220 | ||
| 005 | 20200930022823.0 | ||
| 008 | 110120s1975 ag r 000 0 spa d | ||
| 040 |
_aDO-SdBNP _bspa _cBNPHU |
||
| 082 |
_annnn _bC215a |
||
| 100 | 1 |
_aCanclini, Arnoldo _923732 |
|
| 245 | 1 | 0 |
_aAfligidos para consolar : _buna conversación con los compañeros de ministerio cristiano / _cArnoldo Canclini. |
| 260 |
_aBuenos Aires : _bCasa Bautista de Publicaciones, _c1975. |
||
| 300 |
_a65 p. ; _c18 cm. |
||
| 490 | 1 |
_aCBP _v42050 |
|
| 500 | _aIncluye datos biográficos del autor en la contracubierta. | ||
| 590 | _aInventariado, 2019 /LP | ||
| 830 | 0 |
_aCBP ; _v42050 _945223 |
|
| 999 |
_c23714 _d23714 |
||